Statistics for NBA Players from Indiana

Click here to take the quiz!

General Stats

  • This quiz has been taken 6 times
  • The average score is 21 of 65

Answer Stats

PositionPlayerDraft Year% Correct
GJim Thomas1983
83%
GFWard Williams1948
83%
SFTroy Williams2016
83%
FEric Anderson1992
83%
PGIsiah Thomas1981
83%
SFSteve Green1975
67%
CThomas Bryant2017
67%
GVictor Oladipo2013
67%
GEric Gordon2008
67%
PFD.J. White2008
67%
PFJared Jeffries2002
67%
SGRomeo Langford2019
67%
FCAlan Henderson1995
50%
PGA.J. Guyton2000
50%
GYogi Ferrell2016
50%
GSteve Alford1987
50%
FCody Zeller2013
50%
GFCalbert Cheaney1993
33%
FBrian Evans1996
33%
FCAndrae Patterson1998
33%
GFJon McGlocklin1965
33%
CUwe Blab1985
33%
GBracey Wright2005
33%
CWalt Bellamy1961
33%
GButch Carter1980
33%
GFMike Woodson1980
33%
SFLarry Bird1978
33%
GQuinn Buckner1976
33%
SFScott May1976
33%
FCNoah Vonleh2014
33%
PFGeorge McGinnis1973
33%
PFJoby Wright1972
33%
GJordan Crawford2010
17%
GSlick Leonard1954
17%
GFDick Farley1954
17%
FCArchie Dees1958
17%
GBill Tosheff1951
17%
FCFrank Radovich1960
17%
PFKirk Haston2001
17%
SFOgugua Anunoby2017
17%
PFJuwan Morgan2019
17%
GFDick Van Arsdale1965
17%
FRicky Calloway1990
17%
GFTom Van Arsdale1965
17%
GFRandy Wittman1983
17%
GFBob Wilkerson1976
17%
PFTom Abernethy1976
17%
CKent Benson1977
17%
SGWayne Radford1978
17%
GGreg Graham1993
17%
FRay Tolbert1981
17%
CSteve Downing1973
17%
SGJohn Laskowski1975
17%
GRalph Hamilton1947
17%
GKeith Smart1988
17%
CDean Garrett1988
17%
GJoe Cooke1970
17%
SGJay Edwards1989
17%
FRon Horn1961
17%
PFLawrence Funderburke1994
0%
FPat Ewing2008
0%
GCurly Armstrong1947
0%
GAndre Owens2005
0%
FCJason Collier2000
0%
GFHerm Schaefer1947
0%

Score Distribution

Percentile by Number Answered

Percent of People with Each Score

Your Score History

You have not taken this quiz